Hudobnohistorický výskum na Slovensku začiatkom 21. storočia I.

Bibliographic Details
Other Authors: Hulková, Marta, 1953- (Editor)
Format: Book
Language:Slovak
Czech
German
PhysicalDescription:467 s. fotogr., noty 21 cm
Published: Bratislava STIMUL 2007
ISBN:9788089236350 (brož.)
Edition:[1. vyd.]
Subjects:

MARC

LEADER 00000aam a2200000 a 4500
001 vtls009189889
003 SK-MaSNL
005 20260425225706.0
008 160216s2007 xo ol f 000 0 slo
015 |a SNBA2008/05-02153 
020 |a 9788089236350 (brož.) 
035 |a 8F12BF59-30CE-4B72-85E2-4CFE25ACE574 
035 |a urn:nbn:sk:snk-amk7o4 
035 |a urn:nbn:sk:snk-am008ho6 
040 |a SNK  |b slo  |c SNK  |e AACR2 
041 0 |a slo  |a cze  |a ger  |b ger 
043 |a e-xo--- 
044 |a xo  |c SK 
072 7 |a 78.01  |x Muzikológia. Dejiny hudby  |2 konspekt 
080 |a 78.01  |2 2001 
080 |a 78-027.22  |2 2001 
080 |a 78:069.5  |2 2001 
080 |a (437.6)  |2 2001 
080 |a (082)  |2 2001 
245 0 0 |a Hudobnohistorický výskum na Slovensku začiatkom 21. storočia  |c [editor: Marta Hulková]  |n I. 
250 |a [1. vyd.] 
260 |a Bratislava  |b STIMUL  |c 2007 
300 |a 467 s.  |b fotogr., noty  |c 21 cm 
504 |a Bibliogr. odkazy 
546 |a Súbežný úvod nemecky ; Čiastočne text česky a nemecky ; Resumé nemecky 
648 7 |a 21. stor.  |2 SNKPH  |9 304714 
648 7 |a 21 Century  |2 SVKBBPH  |9 404959 
650 0 7 |a muzikológia  |2 SNKPH  |9 3175 
650 0 7 |a hudobný život  |2 SNKPH  |9 3181 
650 0 7 |a hudobné zbierky  |2 SNKPH  |9 3474 
650 0 7 |a Musicology  |2 SNKPHeng  |9 265674 
650 0 7 |a Music life  |2 SNKPHeng  |9 268082 
650 0 7 |a Music collections  |2 SNKPHeng  |9 266674 
651 7 |a Slovensko  |2 SNKPH  |9 14231 
651 7 |a Slovakia  |2 SNKPHeng  |9 92630 
655 7 |a zborníky  |2 SNKPH  |9 70165 
700 1 |a Hulková, Marta,  |d 1953-  |4 edt  |9 196646 
852 |a Štátna vedecká knižnica v Banskej Bystrici 
919 |a 978-80-89236-35-0 
958 |a OND 
958 |a NB 
968 |d 78 
999 |c 656103  |d 658033 
952 |a SNK  |b SNK  |y PREZ  |7 0  |p 17A0581227  |o snkSC 131201/1  |i snk2008/5850  |8 0  |0 0  |1 0  |4 0  |d 2008-03-07  |f 1  |l 0  |r 2025-06-19 00:00:00  |w 2026-02-23 
952 |a SNK  |b SNK  |y VYP  |7 0  |p 17A0581228  |o snkSC 131201/1 D1  |i snk2008/5851  |8 0  |0 0  |1 0  |4 0  |d 2008-03-07  |l 1  |r 2026-04-10 11:04:02  |s 2026-02-28  |w 2026-02-23